Operaciones bancarias. Tomo II /

Guardado en:
Autor Principal: Villegas, Carlos Gilberto
Formato: Libro
Idioma:Spanish
Publicado: Santa Fe : Rubinzal - Culzoni, 1996.
Materias:
Etiquetas: Agregar Etiqueta
Sin Etiquetas, Sea el primero en etiquetar este registro!
LEADER 00642nam a22001575a 4500
001 DER.der000659
008 180615s1996####ag#||||||||||||||#||spa||
005 20241101112407.0
245 1 0 |a Operaciones bancarias.  |n Tomo II /  |c Carlos Gilberto Villegas. 
260 |a Santa Fe :  |b Rubinzal - Culzoni,  |c 1996. 
300 |a 447 p. 
505 0 |a Fideicomiso y negocios fiduciarios. Leasing. Factoring. Underwriting. Operaciones de pases y swap. Cobranzas y pagos. Comercio exterior. Mercado de capitales. Securitización 
020 |a 9507271023 
100 1 |a Villegas, Carlos Gilberto 
650 7 |a DERECHO BANCARIO 
859 |a DERECHO  |b BIB. DERECHO  |h 346.096  |i VIL  |p 001294